000 00529nam a2200193Ia 4500
008 151119s9999||||xx |||||||||||||| ||und||
082 _a28.5
082 _bGKKV1858
100 _aदेशपांडे कृ प
245 _aवायुपुरण -७
260 _a--
260 _b--
260 _c0
600 _aदेशपांडे कृ प
630 _aवायुपुरण -७
700 _aदेशपांडे कृ प
730 _aवायुपुरण -७
942 _cBOOK
999 _c1058039
_d1058036